000 00619nam a2200205 a 4500
001 000010507
005 20240412074219.0
008 091007s1999 dr r 000 p spa d
020 _a9768175192
040 _aDO-SdBNP
_bspa
_cBNPHU
082 _aRD861.44
_bM491n
100 1 _aMedina, Oquendo,
_d1955-
_914493
245 1 0 _aNoches frágiles y desnudas /
_cOquendo Medina.
260 _aSanto Domingo :
_bCocolo,
_c1999.
300 _a78 p. ;
_c21 cm.
590 _aInventariado, 2018/BT
650 0 _aPoesía dominicana
_966
650 0 _aLiteratura dominicana.
_967
910 _aValidado. Control de calidad. MMOLINA
999 _c10266
_d10266